000 00466cam a2200193ua 4500
001 2034
005 20260515113433.0
008 110806n ii |||gr||||Z||||||asm
040 _cMAIN
082 _a370.1
100 _aBaruah, Jatin,
245 1 _aShiksha tattva adhyayan
_cby Jatin Baruah
250 _a3rd.
260 _aGuahati:
_bLawyers book stall,994.
300 _a487p:
_c23cm.
653 _aEducation
653 _aShiksha tattva adhyayan
942 _cBK
999 _c1904
_d1904